Conspired Politicians - Statistics

General Stats
  • This quiz has been taken 9 times
  • The average score is 1 of 8
Answer Stats
Hint Answer % Correct
QAnon suspect Barack Obama
100%
"Member" of the illuminati Henry kissinger
13%
"Member" of the illuminati Queen elizabeth
13%
"Member" of the illuminati David rockefeller
0%
Makes Bad tweets Elon Musk
0%
QAnon suspect George soros
0%
QAnon suspect Hilary CLinton
0%
"Member" of the illuminati Jacob Rothschild
0%
No matching quizzes found
Score Distribution
Percent of People with Each Score
Percentile by Number Answered
Your Score History
You have not taken this quiz